Central Library OPAC University of Rajshahi

Money and banking in Islam / (Record no. 3547)

MARC details
000 -LEADER
fixed length control field 01471cam a2200337 a 4500
001 - CONTROL NUMBER
control field 3547
003 - CONTROL NUMBER IDENTIFIER
rucl marc code BD-RjUL
005 - DATE AND TIME OF LATEST TRANSACTION
control field 20211208233741.0
008 - FIXED-LENGTH DATA ELEMENTS--GENERAL INFORMATION
fixed length control field 131219s1983 pk 101 0 eng d
035 ## - SYSTEM CONTROL NUMBER
System control number (BD-RjUL)3581
System control number 2574405
040 ## - CATALOGING SOURCE
Original cataloging agency LC
Language of cataloging eng
Transcribing agency LC
Modifying agency LC
041 ## - LANGUAGE CODE
Language code of text/sound track or separate title eng
082 04 - DEWEY DECIMAL CLASSIFICATION NUMBER
Classification number 332.10917671
Edition number 19
Author mark and year MON
245 00 - TITLE STATEMENT
Title Money and banking in Islam /
Statement of responsibility, etc. edited by Ziauddin Ahmed, Munawar Iqbal, M. Fahim Khan.
260 ## - PUBLICATION, DISTRIBUTION, ETC. (IMPRINT)
Place of publication, distribution, etc. Islamabad, Pakistan :
Name of publisher, distributor, etc. Produced for the International Centre for Research in Islamic Economics, King Abdul Aziz University, Jeddah by Institute of Policy Studies,
Date of publication, distribution, etc. c1983.
300 ## - PHYSICAL DESCRIPTION
Pagination viii, 299 p. ;
Size 23 cm.
500 ## - GENERAL NOTE
General note Papers presented at the International Seminar on Monetary and Fiscal Economics of Islam held in Islamabad, Pakistan in January 1981.
504 ## - BIBLIOGRAPHY, ETC. NOTE
Bibliography, etc Includes bibliographical references and index.
650 #0 - SUBJECT ADDED ENTRY--TOPICAL TERM
Topical term or geographic name as entry element Banks and banking
Geographic subdivision Islamic countries
General subdivision Congresses.
9 (RLIN) 11191
Topical term or geographic name as entry element Banks and banking
General subdivision Religious aspects
-- Islam
-- Congresses.
9 (RLIN) 11192
700 1# - ADDED ENTRY--PERSONAL NAME
Personal name Fahim Khan, M.
Personal name Ahmed, Ziauddin.
Personal name Iqbal, Munawar.
710 2# - ADDED ENTRY--CORPORATE NAME
Corporate name or jurisdiction name as entry element Institute of Policy Studies (Islamabad, Pakistan)
9 (RLIN) 11196
Corporate name or jurisdiction name as entry element International Centre for Research in Islamic Economics.
9 (RLIN) 11197
711 2# - ADDED ENTRY--MEETING NAME
Meeting name or jurisdiction name as entry element International Seminar on Monetary and Fiscal Economics of Islam,
Date of meeting (1981 :
Location of meeting Pakistan)
9 (RLIN) 11198
942 ## - ADDED ENTRY ELEMENTS (KOHA)
Source of classification or shelving scheme Dewey Decimal Classification
Koha item type Books
Holdings
Lost status Source of classification or shelving scheme Damaged status Not for loan Collection code Permanent Location Current Location Shelving location Date acquired Source of acquisition Total Checkouts Full call number Date last seen Copy number Koha item type
  Dewey Decimal Classification   Not For Loan Non-fiction Central Library, University of Rajshahi Central Library, University of Rajshahi Reading Room 31/07/1984 Int. Cut. Kasem Jardan   332.10917671 MON 1983 19/12/2013 C-1 Books